Bienvenue à la E-Bibliothèque de l’UEH

Bénéficiez l'accès à des milliers de ressources en ligne

Les Idées pédagogiques : patrimoine éducatif ? / (notice nᵒ 12742)

détails MARC
000 -LEADER
fixed length control field 02261 a2200325 4500
001 - CONTROL NUMBER
control field OB-purh-11582
003 - CONTROL NUMBER IDENTIFIER
control field FrMaCLE
005 - DATE AND TIME OF LATEST TRANSACTION
control field 20251214082806.0
007 - PHYSICAL DESCRIPTION FIXED FIELD--GENERAL INFORMATION
fixed length control field cu ||||||m||||
008 - FIXED-LENGTH DATA ELEMENTS--GENERAL INFORMATION
fixed length control field 181122e||||||||xx |||||s|||||||||0|fr|d
020 ## - INTERNATIONAL STANDARD BOOK NUMBER
International Standard Book Number 979-10-240-1121-9
024 7# - OTHER STANDARD IDENTIFIER
Standard number or code 10.4000/books.purh.11582
Source of number or code doi
040 ## - CATALOGING SOURCE
Original cataloging agency FR-FrMaCLE
041 ## - LANGUAGE CODE
Language code of text/sound track or separate title fra
100 1# - MAIN ENTRY--PERSONAL NAME
Personal name Dancel, Brigitte
245 14 - TITLE STATEMENT
Title Les Idées pédagogiques : patrimoine éducatif ? /
Statement of responsibility, etc. Brigitte Dancel, Jean Houssaye.
260 ## - PUBLICATION, DISTRIBUTION, ETC.
Place of publication, distribution, etc. Mont-Saint-Aignan :
Name of publisher, distributor, etc. Presses universitaires de Rouen et du Havre,
Date of publication, distribution, etc. 2018.
300 ## - PHYSICAL DESCRIPTION
Extent 390 p.
500 ## - GENERAL NOTE
General note Ebook
520 ## - SUMMARY, ETC.
Summary, etc. Peut-on considérer que les idées pédagogiques constituent un patrimoine éducatif et peut-on prétendre rendre plus intelligibles la construction, la composition, l'évolution et la fonction d'un tel patrimoine ? Peut-on aspirer à faire évoluer et enrichir ce patrimoine, en considérant que la culture est tout autant réception et reconstruction que rupture et évolution ? C'est à partir de cette thématique que CIVIIC, le laboratoire de sciences de l’éducation de l’Université de Rouen, a organisé en septembre 1998 un colloque autour de quatre ateliers : - nature, classement et rôles des idées pédagogiques ; - approche historique de la reconstruction et de la circulation des idées pédagogiques ; - approche contemporaine de la construction et de la circulation des idées pédagogiques ; - valeurs des idées pédagogiques. L’écho rencontré, l'originalité reconnue et l'intérêt exprimé lors de ce colloque ont incité les organisateurs à regrouper dans cet ouvrage l’ensemble des communications scientifiques discutées pendant les ateliers. Elles ne manqueront pas de continuer à alimenter la réflexion et les débats en philosophie de l'éducation et en histoire des idées pédagogiques.
540 ## - TERMS GOVERNING USE AND REPRODUCTION NOTE
Terms governing use and reproduction OpenEdition Books License
Uniform Resource Identifier <a href="https://www.openedition.org/12554">https://www.openedition.org/12554</a>
650 #4 - SUBJECT ADDED ENTRY--TOPICAL TERM
Topical term or geographic name entry element Education
Topical term or geographic name entry element History
Topical term or geographic name entry element éducation
Topical term or geographic name entry element pédagogie
Topical term or geographic name entry element scolarité
700 1# - ADDED ENTRY--PERSONAL NAME
Personal name Houssaye, Jean
776 ## - ADDITIONAL PHYSICAL FORM ENTRY
International Standard Book Number 978-2-87775-326-5
856 4# - ELECTRONIC LOCATION AND ACCESS
Data provenance Dancel, Brigitte
Uniform Resource Identifier <a href="https://books.openedition.org/purh/11582">https://books.openedition.org/purh/11582</a>
Link text Les Idées pédagogiques : patrimoine éducatif ?

Pas d'exemplaire disponible.

Bibliothèque universitaire de l'UEH
Portail centralisé donnant accès au catalogue, aux ressources numériques et aux productions scientifiques de l’Université d’État d’Haïti.

Plateformes institutionnelles

  • Dépôt institutionnel UEH
  • Revues scientifiques UEH
  • GED institutionnelle
  • UEH enseignement à distance

Contact

  • Adresse : 21 Rue Rivière, Port-au-Prince
  • Email : bibliotheque@ueh.edu.ht
  • Téléphone : +509 22-45-68-43 / 22-45-68-44
  • Heures : Lundi–Vendredi 8h–16h
© 2026 UEH – E-Bibliothèque de l’Université d’État d’Haïti | À propos | Confidentialité | Conditions | Mentions légales | Accessibilité | Plan du site | Contact